A list of the land and sea mammals of North America North of México / (Registro nro. 1863)
[ vista simple ]
| 000 -CABECERA | |
|---|---|
| Campo de control | 00753nam a2200217 i 4500 |
| 005 - FECHA Y HORA DE LA ULTIMA TRANSACCION | |
| Campo de control | 20160130090155.0 |
| 008 - ELEMENTOS DE LONGITUD FIJA—INFORMACION GENERAL | |
| Campo de control | 140303s1901 xxu||||| |||| 00| 0 eng d |
| 040 ## - FUENTE DE CATALOGACIÓN | |
| Agencia catalogadora original | CO-BoIAVH |
| Agencia transcriptora | CO-BoIAVH |
| 041 ## - IDIOMA | |
| Código de idioma para texto/pista de sonido o título separado | Inglés |
| 044 ## - PAÍS DE PUBLICACIÓN | |
| País de publicación | Estados Unidos |
| 082 04 - NUMERO DE CLASIFICACION DECIMAL DEWEY | |
| Número de clasificación | 599.097 |
| Número del ítem | E46l |
| 100 1# - ASIENTO PRINCIPAL--NOMBRE PERSONAL | |
| Nombre personal | Elliot, D. G. |
| 9 (RLIN) | 13480 |
| 245 12 - MENCION DE TITULO | |
| Título | A list of the land and sea mammals of North America North of México / |
| Parte restante del título | supplement to the synopsis / |
| Mención de responsabilidad | D. G. Elliot |
| 260 ## - PUBLICACION, DISTRIBUCION, ETC. (PIE DE IMPRENTA) | |
| Lugar de publicación, distribución, etc. | Chicago : |
| Nombre del editor, distribuidor, etc. | Field Columbian Museum, |
| Fecha de publicación, distribución, etc. | 1901. |
| 300 ## - DESCRIPCION FISICA | |
| Extensión | 30 páginas ; |
| Dimensiones | 18 cm. |
| 650 14 - ASIENTO SECUNDARIO DE MATERIA - TERMINO TEMATICO | |
| Término temático o nombre geográfico como elemento de entrada | Mamíferos |
| Subdivisión geográfica | América del norte |
| 9 (RLIN) | 55573 |
| 650 24 - ASIENTO SECUNDARIO DE MATERIA - TERMINO TEMATICO | |
| Término temático o nombre geográfico como elemento de entrada | Mamíferos acuáticos |
| Subdivisión geográfica | América del norte |
| 9 (RLIN) | 55574 |
| 650 24 - ASIENTO SECUNDARIO DE MATERIA - TERMINO TEMATICO | |
| Término temático o nombre geográfico como elemento de entrada | Mamíferos marinos |
| Subdivisión geográfica | América del norte |
| 9 (RLIN) | 55575 |
| 662 ## - ASIENTO SECUNDARIO DE MATERIA - JERARQUIA DEL NOMBRE DE LUGAR( | |
| Jurisdicción política intermedia | América del Norte |
| 942 ## - ELEMENTOS ADICIONALES (KOHA) | |
| Tipo de ítem | Libro |
| Sistema de clasificación | Dewey Decimal Classification |
| Withdrawn status | Lost status | Sistema de Clasificación | Damaged status | No para préstamo | Colección | Inventariado | Ubicación Permanente | Ubicación actual | Fecha de adquisición | Fuente de Valor | Total Checkouts | Número topográfico | Inventario / Código de Barras | Date last seen | Ejemplar | Price effective from | Forma de adquisición | Tipo de material |
|---|---|---|---|---|---|---|---|---|---|---|---|---|---|---|---|---|---|---|
| Dewey Decimal Classification | General | Inventariado 2017 | Bogotá | Bogotá | 24/01/2001 | Amazon | LB-599.097 E46l | 002330 | 04/12/2012 | Ej. 1 | 04/12/2012 | Libro |